banner-ar

بحوث اسلامية القيت فى الموسم الثقافى لجامعة ام درمان الاسلامية عام 1979 / (Record no. 29003)

MARC details
000 -الفاتح
حقل البيانات ثابتة الطول 00668nam a2200193Ia 4500
008 - عناصر البيانات ثابتة الطول - معلومات عامة
حقل البيانات ثابتة الطول 140319s9999 xx 000 0 ara d
040 ## - مصدر الفهرسة
وكالة الفهرسة الأصلية GCL /
وكالة النسخ GCL
082 04 - رقم تصنيف ديوى العشرى
رقم التصنيف 349.2
رقم المادة ع ب
100 1# - المدخل الرئيسى - إسم شخصى
الإسم الشخصى عبدالحميد متولى
245 10 - بيان العنوان
العنوان بحوث اسلامية القيت فى الموسم الثقافى لجامعة ام درمان الاسلامية عام 1979 /
بيان المسئوليه,etc عبدالحميد متولى
260 ## - PUBLICATION, DISTRIBUTION, ETC. (IMPRINT)
تاريخ النشر أو التوزيع 1979
300 ## - الوصف المادى
التعداد 69 ص
490 ## - بيان السلسلة
عنوان السلسلة
650 04 - المدخل الاضافى بالموضوع-مصطلح موضوعى
مصطلح موضوعي القانون
650 04 - المدخل الاضافى بالموضوع-مصطلح موضوعى
مصطلح موضوعي القانون الدستورى
650 04 - المدخل الاضافى بالموضوع-مصطلح موضوعى
مصطلح موضوعي القانون المقارن
942 ## - عناصر المدخل الإضافي( كوها)
مصدر التصنيف او مخطط الترفيف Dewey Decimal Classification
Koha [default] item type كتاب
260 ## - PUBLICATION, DISTRIBUTION, ETC. (IMPRINT)
-- [S.N] :
-- مكتبه النهضه المصريه ،
Holdings
حالة التراجع حالة الفقد حالة تلف ليس للاعارة المكان المؤقت الموقع الحالى تاريخ الاكتساب اجمالي اﻻعارات رقم الطلب الباركود تاريخ اخر مشاهدة تاريخ تفعيل السعر نوع وعاء كوها
        مكتبة القاهرة الكبرى مكتبة القاهرة الكبرى 03/26/2014   349.2\ع ب 66244 03/26/2014 03/26/2014 كتاب

Powered By

EGPV